| 000 | 00417nam a2200157Ia 4500 | ||
|---|---|---|---|
| 008 | 210423s1992 xx 000 0 und d | ||
| 041 | _aeng | ||
| 082 | _a574.87 BARR | ||
| 100 | _aBARKER (R D J);others. | ||
| 245 | _aPrinciples of cell energetics. | ||
| 260 |
_aNederland _bOpen University Press _c1992 |
||
| 300 | _a304,9 | ||
| 365 | _cINR | ||
| 650 | _aCell Biology | ||
| 906 | _acell ; energetics ; Principles | ||
| 999 |
_c162720 _d162720 |
||